000 00651nam a2200253Ia 4500
003 OSt
005 20220918193618.0
006 a|||||r|||| 00| 0
007 ta
008 220917b |||||||| |||| 00| 0 eng d
024 _a74,129
037 _cTextual
040 _aARTS
_cARTS
_beng
041 _2eng
_aeng
082 _aR635, L7
100 _aWerner Karel
_98346
245 0 _aYoga and Indian philosophy
260 _aDelhi
_bMotilal Banarsidass India
_c1998
300 _axii,192p.
_ccm.
500 _arep. of 1977
650 _aYOGA
_92333
942 _hR635, L7
_cTEXL
_2CC
999 _c199719
_d199719